Anteproyecto de Estatuto de la Universidad de Sevilla, redactado conforme al Real decreto de 21 de mayo de 1919 por la Ponencia nombrada por el Claustro. (Record no. 24109)

MARC details
000 -LEADER
campo de control de longitud fija 00441nam a2200133 i 4500
001 - NÚMERO DE CONTROL
campo de control 24109
003 - IDENTIFICADOR DE NÚMERO DE CONTROL
campo de control ES-MaACL
005 - FECHA Y HORA DE LA ÚLTIMA TRANSACCIÓN
campo de control 20230906153007.0
007 - CAMPO FIJO DE DESCRIPCIÓN FÍSICA--INFORMACIÓN GENERAL
campo de control de longitud fija t|
008 - DATOS DE LONGITUD FIJA--INFORMACIÓN GENERAL
campo de control de longitud fija 021216s1919 sp ||||1| spa d
245 00 - MENCIÓN DEL TÍTULO
Título Anteproyecto de Estatuto de la Universidad de Sevilla, redactado conforme al Real decreto de 21 de mayo de 1919 por la Ponencia nombrada por el Claustro.
260 ## - PUBLICACIÓN, DISTRIBUCIÓN, ETC.
Lugar de publicación, distribución, etc. Sevilla :
Nombre del editor, distribuidor, etc. [s.n.],
Fecha de publicación, distribución, etc. 1919.
852 ## - LOCALIZACIÓN
Ubicación ES-MaACL
Número de control de estantería 1536-F-14
Holdings
Estatus retirado Estado de pérdida Estado de daño No para préstamo Colección Biblioteca de origen Biblioteca actual Ubicación en estantería Fecha de adquisición Fuente de adquisición Total de préstamos Signatura topográfica completa Código de barras Visto por última vez Precio de reemplazo Tipo de ítem Koha
        Colección de folletos Biblioteca del Ateneo de Madrid Biblioteca del Ateneo de Madrid Depósito folletos 17/01/2008     1536-F-14 1024852 23/02/2023 23/02/2023 Folleto